လိၵ်ႈသင်ႇသွၼ်ပွၼ်ႈဢွႆႇလေႃးႁၼီႇသုတ်ႈဢိၵ်ႇပႃးဢပုမ်ႇဢၢႆႈၸွၵ်ႇၸၢင်ႈပႅတ်ႉ (Record no. 26207)

000 -LEADER
fixed length control field 01116nam a22002297a 4500
003 - CONTROL NUMBER IDENTIFIER
control field OSt
005 - DATE AND TIME OF LATEST TRANSACTION
control field 20260124085945.0
008 - FIXED-LENGTH DATA ELEMENTS--GENERAL INFORMATION
fixed length control field 230623b ||||| |||| 00| 0 eng d
040 ## - CATALOGING SOURCE
Transcribing agency SSBU
041 ## - LANGUAGE CODE
Language code of text/sound track or separate title Shan
082 ## - DEWEY DECIMAL CLASSIFICATION NUMBER
Classification number 895.8501
100 ## - MAIN ENTRY--PERSONAL NAME
Personal name ၵႂၢင်းသိူဝ်
Titles and words associated with a name ၸဝ်ႈ
245 ## - TITLE STATEMENT
Title လိၵ်ႈသင်ႇသွၼ်ပွၼ်ႈဢွႆႇလေႃးႁၼီႇသုတ်ႈဢိၵ်ႇပႃးဢပုမ်ႇဢၢႆႈၸွၵ်ႇၸၢင်ႈပႅတ်ႉ
Statement of responsibility, etc. ၸဝ်ႈၵႂၢင်ႈသိူဝ်၊ ၸဝ်ႈၼၼ်ႇတဝမ်ႇသ ၶပ်းၶိုင်-
260 ## - PUBLICATION, DISTRIBUTION, ETC.
Place of publication, distribution, etc. တႃႈၵုင်ႈ
Name of publisher, distributor, etc. ၵတ်း
Date of publication, distribution, etc. 2007
300 ## - PHYSICAL DESCRIPTION
Extent ၵေႃ၊ 174 ၼႃႈ
Dimensions 21 ၸိၼ်ႇထီႇ
500 ## - GENERAL NOTE
General note S-SAT: Dr. Prof Sai Aung Tun
General note ပပ်ႉၸဝ်ႈတႃႇၼႁင်းၶေႃ တွၵ်ႇတိူဝ်ႇၸၢႆးဢွင်ႇထုၼ်းလူႇတၢၼ်းဝႆႉ
650 ## - SUBJECT ADDED ENTRY--TOPICAL TERM
Topical term or geographic name entry element ၶေႃႈသင်ႇသွၼ်
942 ## - ADDED ENTRY ELEMENTS (KOHA)
Koha item type Book (Short term)
100 ## - MAIN ENTRY--PERSONAL NAME
9 (RLIN) 26590
650 ## - SUBJECT ADDED ENTRY--TOPICAL TERM
9 (RLIN) 25585
Source of classification or shelving scheme
Source of classification or shelving scheme
Holdings
Withdrawn status Lost status Source of classification or shelving scheme Damaged status Not for loan Collection Code Permanent Location Current Location Shelving location Date acquired Total Checkouts Full call number Barcode Date last seen Copy number Price effective from Koha item type Accession
          Special Collections Shan State Buddhist University Library Shan State Buddhist University Library Special Collection Shelves 23/06/2023   895.8501 ၵႂၢင်း ႑႗႔႓ S-SAT SH00001743 23/06/2023 1 23/06/2023 Book (Short term) ႑႗႔႓ S-SAT

Library - 09407999929
Admin Office - 09407999979
Dean Office - 09250910768
Registrar Office - 09892297154
Email - [email protected]
Shan State Buddhist University, Phaya Phyu Taunggyi, Shan State, Myanmar.